000 00636nam a2200277Ia 4500
005 20260324115635.0
008 008 260324s9999 xx 000 0 eng d
020 _a9781315370309
037 _aEBOOK
040 _aCRL
040 _beng
040 _cCRL
041 _2eng
041 _aeng
084 _qCRL
100 _aMayer Humi
_91155446
245 0 _aIntroduction to Mathematical Modeling
260 _bTaylor and Francis
260 _c2017
365 _a
365 _b195
856 _uhttp://www.taylorfrancis.com/books/9781315370309
942 _cEBOOK
999 _c1746471
_d1746471